000 00592nam a22002537a 4500
001 22237
003 UA-OsUOA
005 20210916100141.0
007 ta
008 20031217b un ||||| |||| 00| 0 ukr d
020 _a966-521-057-2
040 _aUA-OsUOA
_brus
_cUA-OsUOA
_dUA-OsUOA
041 _arus
044 _aUA
080 _a1(091)
090 _a1(091)
_bВ48
100 _aВиндельбанд В.
245 _aИстория философии
260 _aКиев
_bНика-Центр
_c1997
300 _a560 с.
650 7 _2UDC
942 _cBK
_2udc
955 _a0
999 _c308453
_d308453